[Event "It  'Melody Amber ' (blindfold)"]
[Site "?"]
[Date "1996.??.??"]
[Round "?"]
[White "Karpov Anatoly"]
[Black "Kramnik Vladimir"]
[Result "1/2-1/2"]
[WhiteElo "2770"]
[BlackElo "2775"]
[PlyCount "81"]
[EventDate "1996.??.??"]
[Source "www.chesslib.no"]
[SourceDate "2004.05.04"]

1. d4 d5 2. c4 c6 3. Nf3 Nf6 4. Nc3 e6 5. e3 Nbd7 6. Qc2 Bd6 7. Bd3 O-O 8. O-O e5 9. cxd5 cxd5 10. e4 exd4 11. Nxd5 Nxd5 12. exd5 h6 13. Nxd4 Qh4 14. Nf3 Qh5 15. Bh7+ Kh8 16. Qf5 g5 17. h4 Nb6 18. Qf6+ Kxh7 19. Qxd6 Bg4 20. Nh2 Rad8 21. Qb4 Bf5 22. hxg5 Nxd5 23. Qxb7 hxg5 24. Qb3 Rh8 25. Qf3 g4 26. Qg3 Nf6 27. f3 Rd3 28. Nxg4 Bxg4 29. fxg4 Qg6 30. Qc7 Kg8 31. Bf4 Rh4 32. Bg3 Rxg3 33. Qxg3 Qh6 34. Qf3 Rh1+ 35. Kf2 Qd2+ 36. Kg3 Qd6+ 37. Kf2 Qd2+ 38. Kg3 Qd6+ 39. Kf2 Qd4+ 40. Kg3 Qd6+ 41. Kf2 1/2-1/2

[Event "11 FIDE World ch Elista RUS"]
[Site "?"]
[Date "1996.??.??"]
[Round "?"]
[White "Karpov, Anatoly"]
[Black "Kamsky, Gata"]
[Result "1/2-1/2"]
[WhiteElo "2770"]
[BlackElo "2735"]
[PlyCount "98"]
[EventDate "1996.??.??"]
[Source "www.chesslib.no"]
[SourceDate "2004.05.04"]

1. d4 d5 2. c4 c6 3. Nf3 Nf6 4. Nc3 e6 5. e3 Nbd7 6. Qc2 Bd6 7. Be2 O-O 8. O-O Re8 9. Rd1 Qe7 10. a3 b6 11. e4 Nxe4 12. Nxe4 dxe4 13. Qxe4 Bb7 14. Bf4 Bxf4 15. Qxf4 c5 16. Qc7 Rab8 17. b4 Rec8 18. Qf4 Bxf3 19. Bxf3 cxd4 20. Qxd4 Rc7 21. Be2 Rbc8 22. Ra2 h6 23. Rad2 Nf6 24. Qe5 Rd7 25. Rxd7 Nxd7 26. Qd4 Nf6 27. h3 Kf8 28. Rc1 Nd7 29. Bf3 e5 30. Qd3 g6 31. Rd1 Rc7 32. Be2 Kg7 33. Qc3 Nf6 34. Qe3 h5 35. Bf1 Rc6 36. Rc1 Qd6 37. g3 Nd7 38. c5 bxc5 39. Bb5 Rc7 40. Bxd7 Rxd7 41. Rxc5 f6 42. h4 Qe6 43. Kh2 Qa6 44. Qf3 Qf1 45. Rc4 Rf7 46. Qd1 Qe1 47. Rd4 Qg1+ 48. Kh3 a5 49. Qd2 a4 1/2-1/2

[Event "Linares"]
[Site "?"]
[Date "2004.??.??"]
[Round "?"]
[White "Kasparov, G."]
[Black "Vallejo Pons, F."]
[Result "1-0"]
[WhiteElo "2830"]
[BlackElo "2660"]
[PlyCount "73"]
[EventDate "2004.??.??"]
[Source "Chess Informant"]
[SourceDate "2004.02.01"]

1. d4 d5 2. c4 c6 3. Nc3 Nf6 4. Nf3 e6 5. e3 Nbd7 6. Qc2 b6 7. Bd3 Bb7 8. O-O Be7 9. b3 Rc8 10. Bb2 Qc7 11. Rad1 h6 12. e4 dxe4 13. Nxe4 O-O 14. c5 Nxe4 15. Bxe4 a5 16. Rfe1 Rfd8 17. Bh7+ Kh8 18. Bd3 Kg8 19. Bh7+ Kh8 20. Bd3 Kg8 21. Ba3 Qb8 22. Qc1 bxc5 23. Bb1 Qa7 24. Qc2 Nf6 25. Ne5 Rd5 26. Ng4 Rf5 27. Nxf6+ gxf6 28. h4 Kh8 29. Qe2 Ba6 30. Qe3 Rh5 31. Bxc5 Bxc5 32. dxc5 Qxc5 33. Qf3 Kg7 34. Qg4+ Kh8 35. Rd7 Rg8 36. Qf3 Re5 37. Qxf6+ 1-0

[Event "Dortmund GER"]
[Site "?"]
[Date "1997.??.??"]
[Round "3"]
[White "Kramnik Vladimir"]
[Black "Ivanchuk Vassily"]
[Result "1-0"]
[WhiteElo "2740"]
[BlackElo "2740"]
[PlyCount "37"]
[EventDate "1997.??.??"]
[Source "www.chesslib.no"]
[SourceDate "2004.05.04"]

1. Nf3 Nf6 2. c4 c6 3. Nc3 d5 4. d4 e6 5. e3 Nbd7 6. Qc2 b6 7. Bd3 Bb7 8. O-O Be7 9. b3 Ba6 10. Bb2 Ng4 11. c5 bxc5 12. dxc5 Qa5 13. Bxh7 e5 14. Ba3 Nxc5 15. Nxd5 Bxf1 16. h4 Qe1 17. Qe2 Qb4 18. Kh1 Rb8 19. Qd1 1-0

[Event "Koeln (TV-m/2)"]
[Site "?"]
[Date "1992.??.??"]
[Round "?"]
[White "Huebner, R."]
[Black "Kasparov, Garry"]
[Result "0-1"]
[WhiteElo "2630"]
[BlackElo "2790"]
[PlyCount "30"]
[EventDate "1992.??.??"]
[Source "ChessBase"]
[SourceDate "1992.10.01"]

1. d4 d5 2. c4 c6 3. Nc3 e6 4. Nf3 Nf6 5. e3 Nbd7 6. Qc2 Bd6 7. Be2 O-O 8. O-O Re8 9. Rd1 Qe7 10. e4 dxe4 11. Nxe4 Nxe4 12. Qxe4 e5 13. Bg5 Qf8 14. Bd3 f5 15. Qxf5 Nf6 0-1

[Event "Dortmund"]
[Site "?"]
[Date "1995.??.??"]
[Round "?"]
[White "Karpov, An"]
[Black "Lautier, J."]
[Result "1-0"]
[WhiteElo "2775"]
[BlackElo "2645"]
[PlyCount "87"]
[EventDate "1995.??.??"]
[Source "ChessBase"]
[SourceDate "1995.06.01"]

1. d4 d5 2. c4 c6 3. Nc3 Nf6 4. e3 e6 5. Nf3 Nbd7 6. Qc2 Bd6 7. Be2 O-O 8. O-O Qe7 9. Rd1 Re8 10. h3 h6 11. a3 dxc4 12. Bxc4 e5 13. Nh4 Nf8 14. dxe5 Bxe5 15. Bd2 Bc7 16. Nf5 Qe5 17. Ng3 Be6 18. Bd3 Rad8 19. Nce2 Bb6 20. b4 Ng6 21. a4 a6 22. Bc3 Qg5 23. Bd4 Bxd4 24. Nxd4 Bd5 25. e4 Be6 26. Nf3 Qf4 27. b5 axb5 28. axb5 Ne5 29. Nxe5 Qxe5 30. bxc6 bxc6 31. Rac1 Rd6 32. Qc3 Nd7 33. Be2 Rxd1+ 34. Bxd1 Qxc3 35. Rxc3 Rc8 36. f4 f6 37. Ne2 c5 38. Nd4 Bf7 39. Bg4 Re8 40. Nb5 Nb6 41. Nd6 Na4 42. Ra3 Ra8 43. e5 Bd5 44. e6 1-0

[Event "Cap d'Agde KO"]
[Site "Cap d'Agde"]
[Date "1998.10.30"]
[Round "3.3"]
[White "Karpov, Anatoly"]
[Black "Gelfand, Boris"]
[Result "0-1"]
[WhiteElo "2725"]
[BlackElo "2675"]
[PlyCount "78"]
[EventDate "1998.10.??"]
[Source "www.chesslib.no"]
[SourceDate "2004.05.04"]

1. d4 d5 2. c4 c6 3. Nc3 Nf6 4. e3 e6 5. b3 Nbd7 6. Bb2 Bd6 7. Nf3 O-O 8. Bd3 Re8 9. O-O e5 10. dxe5 Nxe5 11. Nxe5 Bxe5 12. Be2 Bf5 13. Na4 dxc4 14. Bxe5 Rxe5 15. Qxd8+ Rxd8 16. bxc4 Ra5 17. Rfd1 Rxd1+ 18. Bxd1 Nd7 19. Bb3 Kf8 20. Rd1 Be6 21. f3 Ke7 22. Rd4 Nc5 23. Nxc5 Rxc5 24. Kf2 a5 25. e4 b5 26. cxb5 cxb5 27. Bxe6 Rc2+ 28. Kg3 fxe6 29. a4 b4 30. Rd3 Ra2 31. e5 Rxa4 32. h4 Ra2 33. Rd6 b3 34. Rb6 b2 35. h5 a4 36. Rb7+ Kd8 37. f4 a3 38. f5 exf5 39. e6 Ra1 0-1

[Event "Linares"]
[Site "?"]
[Date "1997.??.??"]
[Round "?"]
[White "Kramnik, Vladimir"]
[Black "Dreev, A."]
[Result "1-0"]
[WhiteElo "2740"]
[BlackElo "2650"]
[PlyCount "131"]
[EventDate "1997.??.??"]
[Source "ChessBase"]
[SourceDate "1997.02.01"]

1. Nf3 d5 2. d4 Nf6 3. c4 c6 4. Nc3 e6 5. e3 Nbd7 6. Qc2 Bd6 7. Bd3 O-O 8. O-O Qe7 9. c5 Bc7 10. e4 dxe4 11. Nxe4 Nd5 12. Bd2 Rd8 13. Rae1 f6 14. Nd6 Nf8 15. Nxc8 Raxc8 16. Re4 Qf7 17. Rfe1 Re8 18. b4 a6 19. a4 Ra8 20. g3 Qd7 21. Bc4 Reb8 22. Rb1 Rd8 23. Ree1 Ng6 24. Bd3 Nf8 25. Bf1 Ng6 26. b5 axb5 27. axb5 Ra3 28. Rb3 Rda8 29. Bc1 Ra1 30. Bb2 Rxe1 31. Nxe1 e5 32. Nf3 exd4 33. Nxd4 Be5 34. Qf5 Qxf5 35. Nxf5 Nge7 36. Nxe7+ Nxe7 37. Bc4+ Kf8 38. Bxe5 fxe5 39. Rf3+ Ke8 40. Bf7+ Kf8 41. Ba2+ Ke8 42. Bf7+ Kf8 43. Be6+ Ke8 44. Rf7 cxb5 45. Rxg7 Ra1+ 46. Kg2 h6 47. Rh7 Kf8 48. Rf7+ Ke8 49. Rh7 Kf8 50. Rf7+ Ke8 51. Rf6 Ra6 52. Rxh6 Ng8 53. Rg6 Ke7 54. Rxg8 Kxe6 55. Rb8 Ra7 56. Rd8 Ra6 57. Rb8 Ra7 58. h4 b4 59. Rd8 Ra6 60. h5 Rc6 61. h6 Rc7 62. Rd6+ Kf5 63. Rb6 Kg5 64. Kf3 b3 65. Ke4 Re7 66. Kd5 1-0

[Event "Chicago, IL"]
[Site "?"]
[Date "2003.05.25"]
[Round "4"]
[White "Finegold Ben"]
[Black "Kaidanov Gregory"]
[Result "0-1"]
[WhiteElo "2636"]
[BlackElo "2743"]
[PlyCount "110"]
[EventDate "2003.??.??"]
[Source "www.chesslib.no"]
[SourceDate "2004.05.04"]

1. d4 d5 2. c4 e6 3. Nc3 c6 4. e3 Nf6 5. Nf3 Nbd7 6. Qc2 Bd6 7. Be2 O-O 8. O-O b6 9. b3 Bb7 10. Bb2 Re8 11. Rad1 Qe7 12. e4 dxe4 13. Nxe4 Nxe4 14. Qxe4 Nf6 15. Qh4 c5 16. Nd2 cxd4 17. Bxd4 e5 18. Bb2 Rad8 19. Nf3 h6 20. Rfe1 Qc7 21. Bf1 Bxf3 22. gxf3 Nh7 23. c5 bxc5 24. Bc4 Ng5 25. Qg4 e4 26. fxe4 Bxh2+ 27. Kg2 Be5 28. Bc1 Bd4 29. Bxg5 hxg5 30. Rh1 Rd6 31. Rd3 Rf6 32. Rf3 Rxf3 33. Qxf3 Qf4 34. Qxf4 gxf4 35. Kf3 g5 36. Rg1 Re5 37. Rd1 Kg7 38. Rh1 Re7 39. Rg1 Kg6 40. Bd3 Rd7 41. e5+ f5 42. exf6+ Kxf6 43. Rh1 Bxf2 44. Bb5 Rd2 45. Rh2 Rxa2 46. Rxf2 g4+ 47. Kg2 Rxf2+ 48. Kxf2 Ke5 49. Bd7 g3+ 50. Kf3 a5 51. Be8 c4 52. bxc4 Kd4 53. Bc6 Kxc4 54. Kxf4 Kc5 55. Be4 Kd4 0-1

[Event "Corr"]
[Site "?"]
[Date "2002.01.15"]
[Round "?"]
[White "Bang Erik (DEN)"]
[Black "Rause Mrs.Olita (LAT)"]
[Result "1/2-1/2"]
[WhiteElo "2658"]
[BlackElo "2708"]
[PlyCount "84"]
[EventDate "2002.??.??"]
[Source "www.chesslib.no"]
[SourceDate "2004.05.04"]

1. d4 d5 2. c4 c6 3. Nf3 Nf6 4. Nc3 e6 5. e3 Nbd7 6. Qc2 Bd6 7. Be2 O-O 8. O-O Re8 9. Rd1 Qe7 10. h3 h6 11. a3 a5 12. b3 b6 13. e4 Nxe4 14. Nxe4 dxe4 15. Qxe4 Bb7 16. Bb2 Rad8 17. Bd3 f5 18. Qe3 c5 19. Bc2 Qf6 20. Ne1 Qh4 21. dxc5 Bxc5 22. Bd4 f4 23. Qc3 Bxd4 24. Qxd4 Qg5 25. f3 Ne5 26. Qf2 Rb8 27. Rd4 Nc6 28. Rd6 e5 29. b4 Red8 30. Rad1 Rxd6 31. Rxd6 axb4 32. axb4 Ba8 33. Bb1 Nxb4 34. Rxb6 Qd8 35. Rxb8 Qxb8 36. Qc5 Kf7 37. Be4 Na6 38. Bd5+ Kf6 39. Qa5 Bxd5 40. cxd5 Nc7 41. Kh2 Qd8 42. Qb6+ Ke7 1/2-1/2